<?xml version="1.0" encoding="UTF-8"?>
<record
    xmlns:xsi="http://www.w3.org/2001/XMLSchema-instance"
    xsi:schemaLocation="http://www.loc.gov/MARC21/slim http://www.loc.gov/standards/marcxml/schema/MARC21slim.xsd"
    xmlns="http://www.loc.gov/MARC21/slim">

  <leader>01458nam a2200289 a 4500</leader>
  <controlfield tag="003">OSt</controlfield>
  <controlfield tag="005">20240405144829.0</controlfield>
  <controlfield tag="008">240403s2023    mx a|||| |||| 001 0 spa d</controlfield>
  <datafield tag="040" ind1=" " ind2=" ">
    <subfield code="c">CHAP</subfield>
    <subfield code="e">rda</subfield>
  </datafield>
  <datafield tag="082" ind1="0" ind2="0">
    <subfield code="2">22</subfield>
    <subfield code="a">338.19</subfield>
    <subfield code="b">F72</subfield>
  </datafield>
  <datafield tag="111" ind1="1" ind2=" ">
    <subfield code="9">188914</subfield>
    <subfield code="a">Foro Nacional Seguridad Alimentaria y Cambio Clim&#xE1;tico</subfield>
    <subfield code="n">(</subfield>
    <subfield code="d">7 y 8 de junio, 2022 :</subfield>
    <subfield code="c">Ciudad de M&#xE9;xico)</subfield>
  </datafield>
  <datafield tag="245" ind1="1" ind2="0">
    <subfield code="a">Memoria del Foro Nacional Seguridad Alimentaria y Cambio Clim&#xE1;tico /</subfield>
    <subfield code="c">por Secretaria de Agricultura y Desarrollo Rural .</subfield>
  </datafield>
  <datafield tag="246" ind1="0" ind2="4">
    <subfield code="a">Seguridad Alimentaria y Cambio Clim&#xE1;tico /</subfield>
  </datafield>
  <datafield tag="250" ind1=" " ind2=" ">
    <subfield code="a">Primera edici&#xF3;n</subfield>
  </datafield>
  <datafield tag="264" ind1=" " ind2="1">
    <subfield code="a">Ciudad de Mexico :</subfield>
    <subfield code="b">Secretaria de Agricultura y Desarrollo Rural (Agricultura)</subfield>
    <subfield code="c">2023.</subfield>
  </datafield>
  <datafield tag="300" ind1=" " ind2=" ">
    <subfield code="a">63 p&#xE1;ginas.</subfield>
  </datafield>
  <datafield tag="336" ind1=" " ind2=" ">
    <subfield code="2">rdacontent</subfield>
    <subfield code="a">texto</subfield>
    <subfield code="b">txt</subfield>
  </datafield>
  <datafield tag="337" ind1=" " ind2=" ">
    <subfield code="2">rdamedia</subfield>
    <subfield code="a">sin medio</subfield>
    <subfield code="b">n</subfield>
  </datafield>
  <datafield tag="338" ind1=" " ind2=" ">
    <subfield code="2">rdacarrier</subfield>
    <subfield code="a">volumen</subfield>
    <subfield code="b">nc</subfield>
  </datafield>
  <datafield tag="500" ind1=" " ind2=" ">
    <subfield code="a">"En esta memoria copila los res&#xFA;menes de las participaciones de las y los ponentes en los diferentes bloques del Foro, Asimismo, contiene los enlaces a la plataforma YouTube para tener acceso a los videos que permiten  visualizar las exposiciones de los participantes y las din&#xE1;micas realizadas con el p&#xFA;blico."</subfield>
  </datafield>
  <datafield tag="650" ind1=" " ind2="4">
    <subfield code="9">103673</subfield>
    <subfield code="a">Seguridad alimentaria</subfield>
  </datafield>
  <datafield tag="650" ind1=" " ind2="4">
    <subfield code="9">17781</subfield>
    <subfield code="a">Cambio clim&#xE1;tico</subfield>
  </datafield>
  <datafield tag="650" ind1=" " ind2="4">
    <subfield code="9">158036</subfield>
    <subfield code="a">Abastecimiento de alimentos</subfield>
    <subfield code="x">M&#xE9;xico  </subfield>
  </datafield>
  <datafield tag="650" ind1=" " ind2="4">
    <subfield code="9">145387</subfield>
    <subfield code="a">Agricultura </subfield>
    <subfield code="x"> Aspectos ambientales</subfield>
  </datafield>
  <datafield tag="710" ind1=" " ind2=" ">
    <subfield code="9">188915</subfield>
    <subfield code="a">Secretar&#xED;a de Agricultura y Desarrollo Rural</subfield>
  </datafield>
  <datafield tag="942" ind1=" " ind2=" ">
    <subfield code="2">ddc</subfield>
    <subfield code="c">LIBRO</subfield>
  </datafield>
  <datafield tag="999" ind1=" " ind2=" ">
    <subfield code="c">219831</subfield>
    <subfield code="d">219831</subfield>
  </datafield>
  <datafield tag="952" ind1=" " ind2=" ">
    <subfield code="0">0</subfield>
    <subfield code="1">0</subfield>
    <subfield code="2">ddc</subfield>
    <subfield code="4">0</subfield>
    <subfield code="5">2</subfield>
    <subfield code="7">0</subfield>
    <subfield code="8">GRAL</subfield>
    <subfield code="a">BC</subfield>
    <subfield code="b">BC</subfield>
    <subfield code="c">PA_GRAL</subfield>
    <subfield code="d">2024-04-03</subfield>
    <subfield code="l">0</subfield>
    <subfield code="o">338.19 F72</subfield>
    <subfield code="p">33724002585332</subfield>
    <subfield code="r">2024-04-03 00:00:00</subfield>
    <subfield code="w">2024-04-03</subfield>
    <subfield code="y">LIBRO</subfield>
  </datafield>
  <datafield tag="952" ind1=" " ind2=" ">
    <subfield code="0">0</subfield>
    <subfield code="1">0</subfield>
    <subfield code="2">ddc</subfield>
    <subfield code="4">0</subfield>
    <subfield code="5">2</subfield>
    <subfield code="7">0</subfield>
    <subfield code="8">GRAL</subfield>
    <subfield code="a">BC</subfield>
    <subfield code="b">BC</subfield>
    <subfield code="c">PA_GRAL</subfield>
    <subfield code="d">2024-04-03</subfield>
    <subfield code="l">0</subfield>
    <subfield code="o">338.19 F72</subfield>
    <subfield code="p">33724002585371</subfield>
    <subfield code="r">2024-04-03 00:00:00</subfield>
    <subfield code="t">c.2</subfield>
    <subfield code="w">2024-04-03</subfield>
    <subfield code="y">LIBRO</subfield>
  </datafield>
</record>
